00597nam a22001937a 450000500170000001000150001702000270003203500140005903700090007308200100008210000310009224500400012325000060016326001010016927000700027030000200034094200240036099900190038420260211125543.0 aENG-147799 a9788199376304c3580.00 aEN-131331 bDBAD a643.3 aRamchandani, Moiina98729400aDadi's Kitchen/cMoiina Ramchandani a1 aNew DelhibKW Publishers KW Publishers in association with Centre for Land Warfare Studiesc2026 a4676/21, First Floor, Ansari Road, Daryaganj, bNew Delhie110002 a151p.c22cm(pb) 2ddccENh643.3mRAM c214802d214802